000 00397nam a2200169Ia 4500
008 221030s9999 xx 000 0 und d
020 _a817884060X
041 _aEnglish
082 _a105.23
_bKau
100 _aH. Kaur
245 0 _aRelational Database Management System
260 _bCyber Tech Pub
_aNew Delhi
_c2002
300 _a189
650 _aComputers
700 _aB. Singh
942 _cBK
999 _c33
_d33